Statystyki dla Fonetyczne Stany USA

Kliknij tutaj aby rozwiązać quiz!

Ogólne statystyki

  • Ten quiz został rozwiązany 89 razy
  • Średni wynik to 26 z 50

Odpowiedzi na mapie

Odpowiedzi skodowane kolorowo w zielono-czerwonej skali na mapie do tego quizu, zgodnie z poniższymi procentami.
 

Statystyki odpowiedzi

Stejts% Poprawnych
Alaska
91%
Teksas
88%
Kalifornia
87%
Nowy Jork
84%
Hawaje
83%
Waszyngton
81%
Floryda
80%
Nowy Meksyk
74%
Arizona
72%
Karolina Północna
71%
Karolina Południowa
70%
Newada
67%
Alabama
64%
Dakota Północna
61%
Dakota Południowa
61%
Kolorado
59%
Ohajo
58%
Kentaki
54%
Oregon
54%
Arkanzas
52%
Oklahoma
51%
Ajdaho
49%
Juta
48%
Luizjana
48%
Misisipi
48%
Wirdżinia
48%
Kanzas
46%
Montana
46%
Dżordżia
45%
Miszigan
43%
Ilinoj
42%
Łiskonsin
42%
Mejn
42%
Nebraska
41%
Pensylwania
41%
Wirdżinia Zachodnia
41%
Łajoming
39%
Merylend
39%
Indiana
38%
Tenesi
38%
Minesota
36%
Mizuri
36%
Ajoła
35%
Masaczusets
35%
Konektiket
30%
Wermont
30%
Niu Dżersi
29%
Rołd Ajlend
25%
Delałer
22%
Niu Hempszer
14%

Rozkład punktacji

Percentyl według liczby udzielonych odpowiedzi

Procent ludzi z każdym wynikiem

Twoja historia wyników

Nie rozwiązałeś tego quizu